| 000 | 00766nam a2200277Ia 4500 | ||
|---|---|---|---|
| 003 | OSt | ||
| 005 | 20221005091831.0 | ||
| 006 | a|||||r|||| 00| 0 | ||
| 007 | ta | ||
| 008 | 221004b |||||||| |||| 00| 0 eng d | ||
| 024 | _a68883 | ||
| 037 | _cTextual | ||
| 040 |
_aCRL _cCRL _beng |
||
| 041 |
_2eng _aeng |
||
| 082 | _aX:97.42, M2 | ||
| 100 | _aOzawa Terutomo | ||
| 245 | 0 | _aPeople and productivity in Japan | |
| 260 |
_aNew York _bPergamon USA _c1982 |
||
| 300 |
_a41p. _ccm. |
||
| 490 | _aHighlights of the literature, 25 | ||
| 500 | _aWork in America Institute Studies in Productivity. | ||
| 650 | _a ECONOMICS | ||
| 650 | _aPERSONNEL MANAGEMENT | ||
| 942 |
_hX:97.42, M2 _cTEXL _2cc |
||
| 999 |
_c997863 _d997863 |
||